000 00683nam a2200229Ia 4500
003 OSt
005 20220918105425.0
006 a|||||r|||| 00| 0
007 ta
008 220915b |||||||| |||| 00| 0 hin d
024 _a93,250
037 _cReference Collections
040 _aARTS
_cARTS
_bhin
041 _2hin
_ahin
082 _aP168:4k, 152M2(RR)
100 _aएहमद, जमाल, ले.
_91322
245 0 _aउर्दू - हिन्दी - कोश
246 _aUrdū - hindī - kosha
260 _c1982
942 _hP168:4k, 152M2(RR)
_cREF
999 _c107056
_d107056